Library Banner

Pakistan supreme court cases [P.S.C. , Vol.XXXII, 2023] / (Record no. 137097)

MARC details
000 -LEADER
fixed length control field 00509nam a2200181Ia 4500
001 - CONTROL NUMBER
control field 69637
005 - DATE AND TIME OF LATEST TRANSACTION
control field 20250311121811.0
008 - FIXED-LENGTH DATA ELEMENTS--GENERAL INFORMATION
fixed length control field 250311s9999||||xx |||||||||||||| ||und||
020 ## - INTERNATIONAL STANDARD BOOK NUMBER
International Standard Book Number NA
040 ## - CATALOGING SOURCE
Transcribing agency PK-LaUMT
082 ## - DEWEY DECIMAL CLASSIFICATION NUMBER
Classification number 348.5491
Item number PAK-
245 ## - TITLE STATEMENT
Title Pakistan supreme court cases [P.S.C. , Vol.XXXII, 2023] /
Statement of responsibility, etc edited by Malik Muhammad Qayyum . . .[et al.]
260 ## - PUBLICATION, DISTRIBUTION, ETC. (IMPRINT)
Place of publication, distribution, etc Lahore,Pakistan:
Name of publisher, distributor, etc Pakistan Supreme Court Cases,
Date of publication, distribution, etc 2023
300 ## - PHYSICAL DESCRIPTION
Extent 2 vols.
501 ## - WITH NOTE
With note 2 vols
546 ## - LANGUAGE NOTE
Language note EN
942 ## - ADDED ENTRY ELEMENTS (KOHA)
Koha item type Law and Policy Journals
Holdings
Withdrawn status Lost status Damaged status Home library Current library Date acquired Full call number Barcode Date last seen Copy number Price effective from Koha item type
      UMT Main Campus UMT Main Campus 2025-03-11 348.5491 PAK- 149022 2025-03-11 Vol.1 2025-03-11 Books
      UMT Main Campus UMT Main Campus 2025-03-11 348.5491 PAK- 149023 2025-03-11 Vol.2 2025-03-11 Books